Diferendo belico del Chaco (Record no. 117204)

MARC details
000 -LEADER
campo de control de longitud fija 00493nam a2200157 4500
001 - NÚMERO DE CONTROL
campo de control 117204
003 - IDENTIFICADOR DE NÚMERO DE CONTROL
campo de control ES-MaACL
005 - FECHA Y HORA DE LA ÚLTIMA TRANSACCIÓN
campo de control 20230906190840.0
007 - CAMPO FIJO DE DESCRIPCIÓN FÍSICA--INFORMACIÓN GENERAL
campo de control de longitud fija t|
008 - DATOS DE LONGITUD FIJA--INFORMACIÓN GENERAL
campo de control de longitud fija 070301s1933 bo r ||||1| spa d
100 1# - ENTRADA PRINCIPAL--NOMBRE DE PERSONA
Nombre de persona Paz, Román.
9 (RLIN) 89761
245 10 - MENCIÓN DEL TÍTULO
Título Diferendo belico del Chaco
Resto del título : aspectos de actualidad /
Mención de responsabilidad, etc. pro Juris et Honoris por el Dr. Román Paz.
260 ## - PUBLICACIÓN, DISTRIBUCIÓN, ETC.
Lugar de publicación, distribución, etc. La Paz [Bolivia] :
Nombre del editor, distribuidor, etc. [s. n.],
Fecha de publicación, distribución, etc. Imp. Renacimiento (
Fabricante 1933)
300 ## - DESCRIPCIÓN FÍSICA
Extensión 100 p. ;
Dimensiones 18 cm.
852 ## - LOCALIZACIÓN
Ubicación ES-MaACL
Número de control de estantería 1815-F-15
Holdings
Estatus retirado Estado de pérdida Estado de daño No para préstamo Colección Biblioteca de origen Biblioteca actual Ubicación en estantería Fecha de adquisición Fuente de adquisición Total de préstamos Signatura topográfica completa Código de barras Visto por última vez Precio de reemplazo Tipo de ítem Koha
        Colección de folletos Biblioteca del Ateneo de Madrid Biblioteca del Ateneo de Madrid Depósito folletos 17/01/2008     1815-F-15 1122196 23/02/2023 23/02/2023 Folleto